Sports Quiz

Random Sports or NHL Quiz

NHL Franchises East to West Quiz Stats

 Plays Quiz Updated Jun 12, 2017

Score 0/31 Timer 06:00
7 Plays Today
Longitude Team % Correct
71' 03' WBoston Bruins
96.9%
73' 59' WNew York Rangers
85.1%
73' 58' WNew York Islanders
84.6%
73' 34' WMontreal Canadiens
82.8%
74' 10' WNew Jersey Devils
79.7%
75' 10' WPhiladelphia Flyers
79.4%
77' 01' WWashington Capitals
70.8%
75' 55' WOttawa Senators
70.4%
78' 43' WCarolina Hurricanes
68.6%
123' 06' WVancouver Canucks
68.2%
118' 16' WLos Angeles Kings
67.5%
79' 22' WToronto Maple Leafs
67.1%
79' 59' WPittsburgh Penguins
66%
121' 54' WSan Jose Sharks
65.3%
83' 03' WDetroit Red Wings
65.3%
78' 52' WBuffalo Sabres
64%
Longitude Team % Correct
80' 19' WFlorida Panthers
63.8%
87' 40' WChicago Blackhawks
63.7%
96' 48' WDallas Stars
63.5%
112' 15' WArizona Coyotes
63%
105' 00' WColorado Avalanche
62.9%
83' 00' WColumbus Blue Jackets
62.9%
82' 27' WTampa Bay Lightning
62.6%
93' 06' WMinnesota Wild
62.5%
90' 12' WSt. Louis Blues
62.5%
117' 52' WAnaheim Ducks
62.3%
114' 03' WCalgary Flames
62.2%
113' 27' WEdmonton Oilers
61.5%
86' 46' WNashville Predators
61%
97' 15' WWinnipeg Jets
59.8%
115' 17' WVegas Golden Knights
57.4%

You're not logged in!

Compare scores with friends on all Sporcle quizzes.
OR
Log In

Sporcle TV

Today on Sporcle TV


Watch our educational content, quiz creation guides, and fun videos on Sporcle TV.

Show Comments

Extras

Top Quizzes Today


Score Distribution

Your Account Isn't Verified!

In order to create a playlist on Sporcle, you need to verify the email address you used during registration. Go to your Sporcle Settings to finish the process.

Report this User

Report this user for behavior that violates our Community Guidelines.

Details: